| 000 | 00390pam a2200157a 44500 | ||
|---|---|---|---|
| 008 | 230515b1980 xxu||||| |||| 00| 0 eng d | ||
| 020 | _aNULL | ||
| 041 | _aENGLISH | ||
| 082 | _a630 | ||
| 100 | _a9163-1979 | ||
| 245 | _aMETHOD OF MEASUREMENT OF FLOW OF WATER IN OPEN CHANNELS USING STANDING WAVE FLUME | ||
| 250 | _a0 | ||
| 260 |
_aDELHI _bISI _c1980 |
||
| 300 | _a17 | ||
| 650 | _aNULL | ||
| 999 |
_c652249 _d652249 |
||